| 000 | 00000nam 2200000za 4500 |
| 001 | 9.699353 |
| 003 | CaOODSP |
| 005 | 20250506145324 |
| 007 | cr ||||||||||| |
| 008 | 150407|1975||||xxc|||||o f|0| 0 eng d |
| 040 | |aCaOODSP|beng |
| 043 | |an-cn--- |
| 086 | 1 |aA73-1388/1975E-PDF |
| 110 | 1 |aCanada.|bAgriculture Canada. |
| 245 | 10|aHandling eggs |h[electronic resource] : |bfrom producer to retailer |
| 260 | |aOttawa - Ontario : |bAgriculture Canada |c1969, reprinted 1973, revised 1975. |
| 300 | |a7p.|bgraph |
| 500 | |aHistorical publication digitized by Agriculture and Agri-Food Canada. |
| 590 | |a14-11-Supp|b2014-05-21 |
| 690 | 07|aEggs|2gcpds |
| 856 | 40|ahttp://publications.gc.ca|qPDF|s303 KB|uhttps://publications.gc.ca/collections/collection_2014/aac-aafc/agrhist/A73-1388-1975-eng.pdf |
| 986 | |a1388 |